000 00572nam a2200229Ia 4500
003 OSt
005 20220928140453.0
006 a|||||r|||| 00| 0
007 ta
008 220927b |||||||| |||| 00| 0 eng d
024 _a8569
037 _cTextual
040 _aSDCL
_cSDCL
_beng
041 _2eng
_aeng
082 _aB280bSigma, L3
100 _aHays William L
_9495301
245 0 _aStatistics for the social sciences .
250 _a2
260 _c1973
942 _hB280bSigma, L3
_cTEXL
_2CC
999 _c811470
_d811470